000 00328nam a22001457a 4500
020 _a81-7130-077-4
082 _a894.812.3
_bMAR/E
100 _aMARQUEZ, GABRIEL GARCIA
245 _aEKANTHATHAYUDE NOORUVARSHANGAL
260 _aKOTTAYAM
_bDC BOOKS
_c2014
300 _a312
520 _aNOVEL
650 _aNOVEL
942 _cBK
999 _c5081
_d5081